Language Quiz

Random Language or Numbers Quiz

Vertically Symmetric Characters Quiz Stats

 Plays Quiz Updated May 16, 2019

Score 0/19 Timer 01:30
0 Plays Today
% Correct
O
94.6%
H
94.1%
I
93.9%
X
92.9%
W
92%
M
91.9%
V
91.3%
o
90.4%
l
89.5%
U
89.4%
% Correct
T
88.3%
A
87.8%
Y
87.6%
v
87.3%
w
87.3%
i
86.7%
x
85.2%
0
72.9%
8
70.4%

You're not logged in!

Compare scores with friends on all Sporcle quizzes.
OR
Log In

Show Comments

Extras

Top Quizzes Today


Score Distribution

Your Account Isn't Verified!

In order to create a playlist on Sporcle, you need to verify the email address you used during registration. Go to your Sporcle Settings to finish the process.

Report this User

Report this user for behavior that violates our Community Guidelines.

Details: